Les animaux en "L" - Statistiques

Statistiques générales
  • Ce quiz a été pris 2 239 fois
    2 062 depuis la dernière actualisation
  • Le résultat moyen est 9 sur 23
Statistiques - réponses
Réponse % Correct
Lion
86%
Loup
85%
Lapin
82%
Loutre
74%
Lievre
72%
Lama
67%
Leopard
60%
Limace
50%
Libellule
47%
Lynx
41%
Lemurien
36%
Lezard
36%
Lamantin
30%
Langouste
28%
Loir
28%
Luciole
28%
Lycaon
23%
Lotte
17%
Lombric
14%
Langoustine
13%
Lamproie
11%
Lerot
8%
Lemming
6%
Aucun quiz correspondant
Distribution des résultats
% des personnes avec chaque résultat
Percentile par nombre de réponses
Votre historique - résultats
Vous n’avez pas pris ce quiz depuis la dernière actualisation